Witamy w Bibliotece Naukowej Instytutu Łączności!

Telefonnaja nagruzka mestnych setej svjazi / (Rekord nr 7392)

000 -LEADER
fixed length control field 00321 a2200097 4500
100 1# - MAIN ENTRY--PERSONAL NAME
Personal name Maksimov, G.Z..
Relator term Autor
245 0# - TITLE STATEMENT
Title Telefonnaja nagruzka mestnych setej svjazi /
Statement of responsibility, etc Maksimov G.Z., Psenicnikov A.P..
260 ## - PUBLICATION, DISTRIBUTION, ETC. (IMPRINT)
Place of publication, distribution, etc Moskva :
Name of publisher, distributor, etc Svjaz',
Date of publication, distribution, etc 1969.
300 ## - PHYSICAL DESCRIPTION
Extent 151 s.;
Dimensions 25 cm.
700 1# - ADDED ENTRY--PERSONAL NAME
Personal name Psenicnikov, A.P..
Relator term Autor
710 2# - ADDED ENTRY--CORPORATE NAME
Corporate name or jurisdiction name as entry element Svjaz'.
Relator term Wydawca
Relator code pbl
Egzemplarze
Withdrawn status Lost status Source of classification or shelving scheme Damaged status Not for loan Permanent Location Current Location Shelving location Date acquired Cost, normal purchase price Inventory number Full call number Barcode Date last seen Price effective from Koha item type
          Instytut Łączności Instytut Łączności Magazyn 1970-05-23 0.00 25479 25479 25479 2022-09-21 2017-11-30 Książki

Działa dzięki Koha